Multimedia Internet Broadcasting. (Record no. 4976)

MARC details
000 -LEADER
fixed length control field 00546nam a22001937a 4500
003 - CONTROL NUMBER IDENTIFIER
control field OSt
005 - DATE AND TIME OF LATEST TRANSACTION
control field 20160815133306.0
008 - FIXED-LENGTH DATA ELEMENTS--GENERAL INFORMATION
fixed length control field 160815b xxu||||| |||| 00| 0 eng d
020 ## - INTERNATIONAL STANDARD BOOK NUMBER
International Standard Book Number 1852332832
040 ## - CATALOGING SOURCE
Transcribing agency DDC.
082 ## - DEWEY DECIMAL CLASSIFICATION NUMBER
Classification number 006.7SLO 2001:
100 ## - MAIN ENTRY--PERSONAL NAME
Personal name Sloane,Andy;Lawrence,Dave;
9 (RLIN) 10650
245 ## - TITLE STATEMENT
Title Multimedia Internet Broadcasting.
Remainder of title Quality Technology and Interface;
260 ## - PUBLICATION, DISTRIBUTION, ETC. (IMPRINT)
Place of publication, distribution, etc. London.
Name of publisher, distributor, etc. Springer;
Date of publication, distribution, etc. 2001.
300 ## - PHYSICAL DESCRIPTION
Extent xviii,233p;
Other physical details ill;
Dimensions 25cm.
504 ## - BIBLIOGRAPHY, ETC. NOTE
Bibliography, etc includes index.
650 ## - SUBJECT ADDED ENTRY--TOPICAL TERM
Topical term or geographic name as entry element Broadcasting.
9 (RLIN) 10651
942 ## - ADDED ENTRY ELEMENTS (KOHA)
Source of classification or shelving scheme Dewey Decimal Classification
Koha item type Open Shelf
Holdings
Withdrawn status Lost status Source of classification or shelving scheme Damaged status Not for loan Home library Current library Date acquired Source of acquisition Inventory number Total Checkouts Full call number Barcode Date last seen Price effective from Koha item type
    Dewey Decimal Classification     MUST Main Library MUST Main Library 15/08/2016   11/34738   006.7SLO 2001: 2016-3611 15/08/2016 15/08/2016 Open Shelf
    Dewey Decimal Classification     MUST Main Library MUST Main Library 16/08/2016   11/34736   006.7SLO 2001: 2016-3634 16/08/2016 16/08/2016 Open Shelf
    Dewey Decimal Classification     MUST Main Library MUST Main Library 14/09/2016   11/34734   006.7SLO 2001: 2016-4215 14/09/2016 14/09/2016 Open Shelf
    Dewey Decimal Classification     MUST Main Library MUST Main Library 14/09/2016   11/34737   006.7SLO 2001: 2016-4216 14/09/2016 14/09/2016 Open Shelf
    Dewey Decimal Classification     MUST Main Library MUST Main Library 14/09/2016   11/34741   006.7SLO 2001: 2016-4217 14/09/2016 14/09/2016 Open Shelf
    Dewey Decimal Classification     MUST Main Library MUST Main Library 14/09/2016   11/34739   006.7SLO 2001: 2016-4218 14/09/2016 14/09/2016 Open Shelf
    Dewey Decimal Classification     MUST Main Library MUST Main Library 14/09/2016   11/34735   006.7SLO 2001: 2016-4219 14/09/2016 14/09/2016 Open Shelf